| 000 | 02416cam a22004814i 4500 | ||
|---|---|---|---|
| 003 | PE-LiUPU | ||
| 005 | 20250731173424.0 | ||
| 008 | 150706s r 000 0 d | ||
| 020 | _a9781602552883 | ||
| 035 | _a(Sirsi) i9781602552883 | ||
| 040 |
_aPE-LiUPU _bspa _cPE-LiUPU _erda |
||
| 049 | _aPRUA | ||
| 082 | 0 | 4 |
_a289.94 _bH21 _221 |
| 100 | 1 |
_aHanegraaff, Hank, _eautor. |
|
| 245 | 1 | 0 |
_aCristianismo en crisis siglo 21 / _cHank Hanegraaff. |
| 264 | 1 |
_aNashville : _bGrupo Nelson, _c2010. |
|
| 300 |
_a441 páginas ; _c23 cm. |
||
| 336 |
_atext _2rdacontent |
||
| 337 |
_aunmediated _2rdamedia |
||
| 338 |
_avolume _2rdacarrier |
||
| 504 | _aIncluye bibliografías . | ||
| 505 | 0 | _aConvirtiendo la verdad en mitología -- ¿Culto o secta? -- ¿Carismático o en una secta? -- La lista de personaje -- Trazando el curso -- Fe en la Fe -- La fuerza de la fe -- La fórmula de la fe -- La fe Dios -- El salón de la fama de la fe -- Añadir Dioses -- La deificación del hombre -- La degradación de Dios -- La deificación de Satanás -- La degradación de Cristo -- Recreación en la cruz -- Redención en el infierno -- Renacimiento en el infierno -- Rencarnación -- Aflicciones y enfermedad -- De regreso a lo básico- -Lujos y escasez -- Conformidad cultural -- Engaños y encubrimientos -- Pacto-contrato -- Contexto, contexto, contexto -- Aflicciones y enfermedad -- Síntomas y enfermedad -- Satanás y enfermedad -- Pecado y enfermedad -- Soberanía y enfermedad -- De regreso a lo básico -- A=Amén -- B=Biblia -- C: Cuerpo de cristo -- D: Defensa -- E: Esenciales. | |
| 526 | _aSEG42 | ||
| 526 | _aSEG41 | ||
| 526 | _aSEG40 | ||
| 526 | _aSEG39 | ||
| 526 | _aP94 | ||
| 526 | _aP87 | ||
| 526 | _aP86 | ||
| 526 | _aP85 | ||
| 526 | _aP77 | ||
| 526 | _aP76 | ||
| 526 | _aP35 | ||
| 541 | _g001-0000604; | ||
| 650 | 0 | 4 |
_aCristianismo _ySiglo XXI. |
| 650 | 0 | 4 |
_aFe. _93098 |
| 910 |
_agl _bjv _cng _d20121023 |
||
| 942 |
_2ddc _cBOOK |
||
| 949 |
_a289.94 H21 _wDEWEY _c1 _i65680 _lCCODEBUL1 _mBUL _p50.00 _r0 _sY _tBOOK _u2015-7-6 _xTEOLOGIA _PP35 _o.STAFF. Colección General |
||
| 994 |
_aC0 _bPEPRU |
||
| 596 | _a1 | ||
| 999 |
_a289.94 H21 _wDEWEY _c54114 _i65680 _d54114 _f2021-11-11 _g5 _lCCODEBUL1 _mBUL _p50.00 _q2 _r0 _sY _tBOOK _u2015-7-6 _xTEOLOGIA _PP35 _0COMPRA _o.STAFF. Colección General |
||
| 980 |
_81 _gALBERTO SANCHEZ Responsable de Automatización |
||